Study on situatio and endoparasites of cattle's antemortem in slaughterhouse at svay rieng province; (Record no. 7306)

000 -LEADER
fixed length control field 00503nam a22001337a 4500
040 ## - CATALOGING SOURCE
Transcribing agency RUA
082 ## - DEWEY DECIMAL CLASSIFICATION NUMBER
Classification number VEM CHU 2014 B443 Or.1
100 ## - MAIN ENTRY--AUTHOR NAME
Personal name CHUT CHANPHANIT; ជុត ច័ន្ទផានិត្យ
245 ## - TITLE STATEMENT
Title Study on situatio and endoparasites of cattle's antemortem in slaughterhouse at svay rieng province;
260 ## - PUBLICATION, DISTRIBUTION, ETC. (IMPRINT)
Place of publication Phnom Penh
Name of publisher RUA
Year of publication 2014
300 ## - PHYSICAL DESCRIPTION
Number of Pages x;50p.
Other physical details ill.
Dimensions 29cm.
856 ## - ELECTRONIC LOCATION AND ACCESS
Uniform Resource Identifier https://drive.google.com/file/d/16_T7-wI_xkhQ0Wr4E7Bw2kCDBHG9WpF3/view?usp=sharing
942 ## - ADDED ENTRY ELEMENTS (KOHA)
Koha item type VEM
952 ## - LOCATION AND ITEM INFORMATION (KOHA)
Withdrawn status [LOCAL, KOHA] 0
952 ## - LOCATION AND ITEM INFORMATION (KOHA)
Withdrawn status [LOCAL, KOHA] 0
952 ## - LOCATION AND ITEM INFORMATION (KOHA)
Withdrawn status [LOCAL, KOHA] 0
952 ## - LOCATION AND ITEM INFORMATION (KOHA)
Withdrawn status [LOCAL, KOHA] 0
952 ## - LOCATION AND ITEM INFORMATION (KOHA)
Withdrawn status [LOCAL, KOHA] 0
952 ## - LOCATION AND ITEM INFORMATION (KOHA)
Withdrawn status [LOCAL, KOHA] 0
952 ## - LOCATION AND ITEM INFORMATION (KOHA)
Withdrawn status [LOCAL, KOHA] 0
952 ## - LOCATION AND ITEM INFORMATION (KOHA)
Withdrawn status [LOCAL, KOHA] 0
952 ## - LOCATION AND ITEM INFORMATION (KOHA)
Withdrawn status [LOCAL, KOHA] 0
Holdings
Permanent Location Date acquired Koha item type Lost status Shelving location Barcode Current Location Full call number
Library Block B2016-03-02VEM B443RUA054075Library Block BVEM CHU 2014 B443 Or.1
Library Block B2016-03-02VEM B443RUA054135Library Block BVEM CHU 2014 B443 Or.2
Library Block B2016-03-02VEM B443RUA054286Library Block BVEM CHU 2014 B443 Or.3
Library Block B2016-03-02VEM B443RUA054285Library Block BVEM CHU 2014 B443 Or.4
Library Block B2016-03-02VEM B443RUA054225Library Block BVEM CHU 2014 B443 Or.5
Library Block B2016-03-02VEM B443RUA054291Library Block BVEM CHU 2014 B443 Or.6
Library Block B2016-03-02VEM B443RUA054476Library Block BVEM CHU 2014 B443 Or.7
Library Block B2016-03-02VEM B443RUA054543Library Block BVEM CHU 2014 B443 Or.8
Library Block B2021-11-12VEM B692a066751Library Block BVEM CHU 2014 B692 Or.1
មជ្ឈមណ្ឌលឯការនៃសាកលវិទ្យាល័យភូមិន្ទកសិកម្មចំការដូង

Powered by Koha